Bài giảng quản trị doanh nghiệp
Đã lưu trong:
| Príomhúdar: | |
|---|---|
| Formáid: | Leabhar |
| Foilsithe: |
Đồng Tháp
Trường Đại học Đồng Tháp
2019
|
| Ábhair: | |
| Clibeanna: |
Cuir Clib Leis
Gan Chlibeanna, Bí ar an gcéad duine leis an taifead seo a chlibeáil!
|
| Thư viện lưu trữ: | Trung tâm Học liệu Lê Vũ Hùng, Trường Đại học Đồng Tháp |
|---|
| LEADER | 00996pam a22002538a 4500 | ||
|---|---|---|---|
| 001 | 00044281 | ||
| 005 | 20200812090816.0 | ||
| 008 | 170215s2015 ||||||Viesd | ||
| 020 | # | # | |c 23500đ |
| 041 | 0 | # | |a Vie |
| 082 | 1 | 4 | |b B103GI |a 658.0071 |
| 100 | 1 | # | |a Trần, Ngọc Gái |
| 245 | 1 | 0 | |c Trần Ngọc Gái |a Bài giảng quản trị doanh nghiệp |
| 260 | # | # | |b Trường Đại học Đồng Tháp |c 2019 |a Đồng Tháp |
| 300 | # | # | |a 153 tr. |c 30 cm |
| 500 | # | # | |a ĐTTS ghi: Trường Đại học Đồng Tháp. Khoa Kỹ thuật - Công nghệ |
| 653 | # | # | |a Bài giảng |
| 653 | # | # | |a Lập trình |
| 653 | # | # | |a Phần mềm |
| 653 | # | # | |a Tin học |
| 653 | # | # | |a Đối tượng |
| 852 | # | # | |j KD.0025990 |j KGT.0057044 |j KGT.0057045 |j KGT.0057046 |j KGT.0057047 |j KGT.0057048 |j KGT.0057049 |j KGT.0057050 |j KGT.0057051 |j KGT.0057052 |j KGT.0057053 |
| 910 | # | # | |d 6/6/2019 |
| 980 | # | # | |a Trung tâm Học liệu Lê Vũ Hùng, Trường Đại học Đồng Tháp |